|
|
|
|
| LEADER |
00000nam0a2200000 4500 |
| 001 |
356212 |
| 005 |
20240914063128.0 |
| 035 |
|
|
|a (RuTPU)RU\TPU\retro\13472
|
| 090 |
|
|
|a 356212
|
| 100 |
|
|
|a 20200716d1981 m y0rusy50 ca
|
| 101 |
0 |
|
|a rus
|
| 102 |
|
|
|a RU
|
| 105 |
|
|
|a a z 000ay
|
| 200 |
1 |
|
|a Пиковая дама. Египетские ночи.
|f А. С. Пушкин
|g Г. Клодт ; худож. А. Кравченко
|
| 210 |
|
|
|a Москва
|c Государственное издательство "Художественная литература"
|d 1981
|
| 215 |
|
|
|a 142 с.
|c ил.
|
| 606 |
1 |
|
|a Русская литература, дореволюционная
|2 stltpush
|3 (RuTPU)RU\TPU\subj\26371
|9 50314
|
| 610 |
1 |
|
|a прозаические сочинения
|
| 610 |
1 |
|
|a поэзия
|
| 675 |
|
|
|a Р1
|v 4
|
| 700 |
|
1 |
|a Пушкин
|b А. С.
|c российский поэт
|c писатель
|f 1799-1837
|g Александр Сергеевич
|7 ca
|8 rus
|2 stltpush
|3 (RuTPU)RU\TPU\pers\1026
|9 453
|
| 702 |
|
1 |
|a Клодт
|b Г.
|4 130
|
| 702 |
|
1 |
|a Кравченко
|b А.
|g Алексей
|4 440
|
| 801 |
|
1 |
|a RU
|b 63413507
|c 20200716
|
| 801 |
|
2 |
|a RU
|b 63413507
|c 20200721
|g RCR
|
| 942 |
|
|
|c BK
|